000 01305cam a2200361 a 4500
999 _c7064
_d7064
001 16907832
003 OSt
005 20210831161042.0
008 110808s2011 nyuab b 001 0 eng
010 _a 2011935993
020 _a9781441995032 (hardcover : acidfree paper)
020 _a9781441995025 (softcover)
020 _a9781441995049 (ebk.)
040 _aDLC
_cDDC
_dDLC
042 _apcc
050 0 0 _aQH541
_b.C3595 2011
082 0 0 _a577CHA2011
100 1 _aChapin, F. Stuart
_q(Francis Stuart),
_cIII
_914543
245 1 0 _aPrinciples of terrestrial ecosystem ecology /
_cEdited by Chapin,F.Stuart III, Matson,Pamela A. , Vitousek,Peter M.
250 _a2nd ed.
260 _aNew York :
_bSpringer,
_cc2011.
300 _axv, 529 p. :
_bill. (some col.), col. maps ;
_c26 cm.
504 _aIncludes; glossary, bibliographical references (p. 473-509) and index.
650 0 _aBiology
_95602
650 0 _aEcosystem health.
_914544
650 0 _aBiogeochemical cycles.
_914546
650 0 _aBiological systems.
_914547
700 1 _aMatson, P. A.
_q(Pamela A.)
_914549
700 1 _aVitousek, Peter Morrison.
_914551
906 _a7
_bcbc
_corignew
_d2
_eepcn
_f20
_gy-gencatlg
942 _2ddc
_cO_SHELF